000 00908nam a2200205 a 4500
001 000033420
005 20240409073643.0
008 110829s1939 dr 000 0dspa d
040 _aDO-SdBNP
_bspa
_cBNPHU
082 _a923.17293
_bT866B
100 1 _aBrenes, Rafael Andrés
_958979
245 1 0 _aTrujillo creador de la nacionalidad económica /
_cRafael Andrés Brenes.
260 _aSantiago, República Dominicana :
_bImprenta de L. H. Cruz,
_c1939.
300 _a40 p. ;
_c17 cm.
500 _aConferencia dictada el día 24 de octubre de 1938 a las 8 de la noche, desde la tribuna de la Junta Comunal del Partido Dominicano en la ciudad de Santiago de los Caballeros.
600 1 0 _aTrujillo Molina, Rafael Leónidas,
_d 1891-1961
_976764
651 4 _aRepública Dominicana
_xCondiciones Económicas
_yERA DE TRUJILLO, 1930-1961
_946029
910 _aValidado. Control de calidad EMS.
049 _aBNPD
999 _c32911
_d32911